The maiolica of México (Record no. 2288)

MARC details
000 -CABECERA
campo de control de longitud fija 00671nam a2200205 a 4500
001 - NÚMERO DE CONTROL
campo de control BRCA_2548
005 - FECHA Y HORA DE LA ÚLTIMA TRANSACCIÓN
campo de control 20190320203847.0
008 - DATOS DE LONGITUD FIJA--INFORMACIÓN GENERAL
campo de control de longitud fija 261108s1908----paua---###---#000-0#eng-u
050 #4 - SIGNATURA TOPOGRÁFICA DE LA BIBLIOTECA DEL CONGRESO
Número de clasificación NK4320.M5
Número de documento/Ítem .B37 1908
100 1# - ENTRADA PRINCIPAL--NOMBRE DE PERSONA
Nombre de persona Barber, Edwin Atlee
Fechas asociadas al nombre 1851-1916
9 (RLIN) 7296
245 10 - MENCIÓN DE TÍTULO
Título The maiolica of México
Mención de responsabilidad, etc. by Edwin Atlee Barber.
260 ## - PUBLICACIÓN, DISTRIBUCIÓN, ETC.
Lugar de publicación, distribución, etc. Philadelphia, Pensilvania
Nombre del editor, distribuidor, etc. Pennsylvania Museum and School of Industrial Art
Fecha de publicación, distribución, etc. 1908
300 ## - DESCRIPCIÓN FÍSICA
Extensión 115 p.
Otras características físicas il.
Dimensiones 23 cm.
440 #0 - MENCIÓN DE SERIE/PUNTO DE ACCESO ADICIONAL--TÍTULO
Título Art handbook of the Pennsylvania Museum and School of Industrial Art
9 (RLIN) 7297
500 ## - NOTA GENERAL
Nota general A31
650 14 - PUNTO DE ACCESO ADICIONAL DE MATERIA--TÉRMINO DE MATERIA
Término de materia o nombre geográfico como elemento de entrada Mayolica
9 (RLIN) 7298
650 14 - PUNTO DE ACCESO ADICIONAL DE MATERIA--TÉRMINO DE MATERIA
Término de materia o nombre geográfico como elemento de entrada Cerámica
Subdivisión geográfica México
9 (RLIN) 4783
902 ## - CATALOGADOR
Iniciales GFM
942 ## - ELEMENTOS DE PUNTO DE ACCESO ADICIONAL (KOHA)
Fuente del sistema de clasificación o colocación Library of Congress Classification
Tipo de ítem Koha Libros
Holdings
Estado de retiro Estado de pérdida Estado dañado No para préstamo Localización permanente Ubicación/localización actual Fecha de adquisición Número de inventario Total de préstamos Signatura topográfica completa Código de barras Fecha visto por última vez Precio válido a partir de Tipo de ítem Koha
El ejemplar forma parte de la colección y puede ser consultado según las políticas vigentes.       Biblioteca del Museo Franz Mayer (Rogerio Casas-Alatriste) Biblioteca del Museo Franz Mayer (Rogerio Casas-Alatriste) 26/11/2008 A31   NK4320.M5 .B37 1908 (A31) 2545 22/03/2019 22/03/2019 Libros